Ανακάτεμα Λέξεων - Χώρες - Statistics

General Stats
  • This quiz has been taken 16 times
  • The average score is 11 of 20
Answer Stats
Χώρα % Correct
Αφγανιστάν
100%
Αρμενία
100%
Μπαχάμες
100%
Βέλγιο
100%
Μπελίζ
100%
Βραζιλία
100%
Καναδάς
100%
Χιλή
100%
Κίνα
100%
Ερυθραία
100%
Εσουατίνι
100%
Φίτζι
100%
Γαλλία
100%
Γεωργία
100%
Γερμανία
100%
Ελλάδα
100%
Ονδούρα
100%
Ινδία
100%
Ιράκ
100%
Ιταλία
100%
Καζακστάν
100%
Κένυα
100%
Κόσοβο
100%
Λάος
100%
Λιβύη
100%
Λουξεμβούργο
100%
Μαδαγασκάρη
100%
Μαλδίβες
100%
Μάλτα
100%
Μεξικό
100%
Μονακό
100%
Μαυροβούνιο
100%
Μαρόκο
100%
Ναουρού
100%
Νίγηρας
100%
Ομάν
100%
Παλάου
100%
Παναμάς
100%
Περού
100%
Κατάρ
100%
Σομαλία
100%
Ισπανία
100%
Συρία
100%
Ταϊβάν
100%
Τατζικιστάν
100%
Τόγκο
100%
Βενεζουέλα
100%
Μποτσουάνα
75%
Αίγυπτος
75%
Μαυρίκιος
75%
Ταϊλάνδη
75%
Ανδόρρα
67%
Μπουτάν
67%
Αϊτή
67%
Ινδονησία
67%
Μαλάουι
67%
Παραγουάη
67%
Ρωσία
67%
Αζερμπαϊτζάν
50%
Καμπότζη
50%
Κομόρες
50%
Τσεχία
50%
Εσθονία
50%
Φινλανδία
50%
Ισλανδία
50%
Λεσότο
50%
Λίχτενσταϊν
50%
Μοζαμβίκη
50%
Μιανμάρ
50%
Πολωνία
50%
Ρουμανία
50%
Σουηδία
50%
Τουρκία
50%
Ουκρανία
50%
Βανουάτου
50%
Βιετνάμ
50%
Ζάμπια
50%
Δομινίκα
33%
Ισημερινός
33%
Κουβέιτ
33%
Λίβανος
33%
Μαυριτανία
33%
Μολδαβία
33%
Τυνησία
33%
Τουρκμενιστάν
33%
Τουβαλού
33%
Μπανγκλαντές
25%
Αλβανία
0%
Αλγερία
0%
Ανγκόλα
0%
Αργεντινή
0%
Αυστραλία
0%
Αυστρία
0%
Μπαχρέιν
0%
Μπαρμπάντος
0%
Λευκορωσία
0%
Μπενίν
0%
Βολιβία
0%
Μπρουνέι
0%
Βουλγαρία
0%
Μπουρούντι
0%
Καμερούν
0%
Τσαντ
0%
Κολομβία
0%
Κροατία
0%
Κούβα
0%
Κύπρος
0%
Δανία
0%
Τζιμπουτί
0%
Αιθιοπία
0%
Γκαμπόν
0%
Γκάμπια
0%
Γκάνα
0%
Γρενάδα
0%
Γουατεμάλα
0%
Γουινέα
0%
Γουιάνα
0%
Ουγγαρία
0%
Ιράν
0%
Ιρλανδία
0%
Ισραήλ
0%
Τζαμάικα
0%
Ιαπωνία
0%
Ιορδανία
0%
Κιριμπάτι
0%
Κιργιζία
0%
Λετονία
0%
Λιβερία
0%
Λιθουανία
0%
Μαλαισία
0%
Μάλι
0%
Μογγολία
0%
Ναμίμπια
0%
Νεπάλ
0%
Ολλανδία
0%
Νικαράγουα
0%
Νιγηρία
0%
Νορβηγία
0%
Πακιστάν
0%
Φιλιππίνες
0%
Πορτογαλία
0%
Ρουάντα
0%
Σαμόα
0%
Σενεγάλη
0%
Σερβία
0%
Σεϋχέλλες
0%
Σιγκαπούρη
0%
Σλοβακία
0%
Σλοβενία
0%
Σουδάν
0%
Σουρινάμ
0%
Ελβετία
0%
Τανζανία
0%
Τόνγκα
0%
Ουγκάντα
0%
Ουρουγουάη
0%
Ουζμπεκιστάν
0%
Βατικανό
0%
Υεμένη
0%
Ζιμπάμπουε
0%
No matching quizzes found
Score Distribution
Percent of People with Each Score
Percentile by Number Answered
Your Score History
You have not taken this quiz